UnPatriotic Presidents Quiz Stats

 Plays Quiz Updated Nov 5, 2018

Challenge
Share
Tweet
Embed
Score 0/13 Timer 02:00
0 Plays Today
President % Correct
Bill Clinton
83.1%
Abraham Lincoln
78.4%
Richard Nixon
75.8%
John Kennedy
72.6%
Gerald Ford
67.2%
Herbert Hoover
60.4%
James Polk
60.1%
James Monroe
57.5%
Calvin Coolidge
52.5%
John Tyler
51.5%
William McKinley
45.2%
Franklin Pierce
42.1%
Millard Fillmore
40.4%

You're not logged in!

Compare scores with friends on all Sporcle quizzes.
OR
Log In

You Might Also Like...

Show Comments

Extras

Top Quizzes Today


Score Distribution

Your Account Isn't Verified!

In order to create a playlist on Sporcle, you need to verify the email address you used during registration. Go to your Sporcle Settings to finish the process.

Report this User

Report this user for behavior that violates our Community Guidelines.

Details: